Practical induction heat treating.

Saved in:
Bibliografiske detaljer
Hovedforfatter: Haimbaugh, Richard E. (Author)
Format: Bog
Sprog:engelsk
Udgivet: Materials Park, Ohio, USA : ASM International, 2015.
Udgivelse:Second edition.
Fag:
Tags: Tilføj Tag
Ingen Tags, Vær først til at tagge denne postø!

MARC

LEADER 00000cam a2200000 i 4500
001 18616300
003 CL-VaPUC
005 20250328101808.0
008 150513s2015 ohua b 001 0 eng
999 |c 445312  |d 445310 
010 |a  2015941238 
020 |a 9781627080897 (alk. paper) 
020 |a 9781627080903 
040 |a DLC  |b eng  |c Pontificia Universidad Católica de Valparaíso  |e rda  |d DLC 
042 |a pcc 
050 0 0 |a TN672  |b .H24 2015 
082 0 0 |a 671.36 HAI 2015  |2 23 
100 1 |a Haimbaugh, Richard E.,  |e author.  |9 894705 
245 1 0 |a Practical induction heat treating. 
250 |a Second edition. 
260 |a Materials Park, Ohio, USA :  |b ASM International,  |c 2015. 
300 |a xiv, 365 pages :  |b illustrations 
504 |a Includes bibliographical references and index. 
583 |c 20241210 
650 0 |a Acero  |x Temple por inducción   |9 894706 
650 0 |a Acero  |x Tratamiento térmico  |9 894707 
942 |2 ddc  |c BK  |n 1 
952 |0 0  |1 0  |2 ddc  |4 0  |6 671_360000000000000_HAI_2015  |7 0  |8 A  |9 598581  |a BIBMEC  |b BIBMEC  |d 2024-12-10  |e 59  |g 262982.00  |i 5663569  |o 671.36 HAI 2015  |p 5663569  |r 2024-12-10  |t 1  |v 262982.00  |w 2024-12-10  |y BK  |k MEC